| 000 | 00489nam a2200169Ia 4500 | ||
|---|---|---|---|
| 008 | 230524s9999 xx 000 0 und d | ||
| 082 |
_a612 _bBRO |
||
| 100 |
_aJoseph D.Bronzino (ed by) _925367 |
||
| 245 | 0 | _aBronzino-The Biomedical Engineering Hand Book of Medical Devices & Systems | |
| 250 | _a3RD | ||
| 260 |
_aLONDON _bCRC (Taylor & Francis Group) _c2006 |
||
| 300 | _aXIII;83 | ||
| 500 | _aQuantity Number: 1 | ||
| 650 | _aBiomedical | ||
| 700 |
_a3rd ed. _925368 |
||
| 942 | _cBK | ||
| 999 |
_c37418 _d37418 |
||